000 002640000a22000970004500
100 1 _aBoon, Wendy
245 1 0 _aSpearhead : "Switch to global thinking"
300 _aVol.85, núm.1 (March-June, 2005), Páginas 8-9
773 0 _tLatin America Evangelist
942 _cANA
999 _c60522
_d60522